[Event "67. BEM 2013"]
[Site "Dortmund"]
[Date "2013.03.05"]
[Round "8.8"]
[White "Schütz, Ralf"]
[Black "Büdel, Jürgen"]
[Result "1-0"]
[WhiteElo "1848"]
[BlackElo "1637"]
[PlyCount "59"]
[EventDate "2013.??.??"]
[Source "SG Dortmund"]
[SourceDate "2004.12.16"]

1. e4 Nc6 2. d4 e5 3. d5 Nce7 4. Nf3 Ng6 5. h4 h5 6. a3 a6 7. Nc3 Nf6 8. Bg5
Bc5 9. b4 Ba7 10. d6 O-O 11. Nd5 Bxf2+ 12. Kxf2 Nxe4+ 13. Kg1 f6 14. Bc4 Rf7
15. Nxc7 Qf8 16. Be3 Rb8 17. Qd3 f5 18. Ng5 Nxd6 19. Bc5 Nf4 20. Bxf7+ Qxf7 21.
Qxd6 Qf6 22. Qxf6 gxf6 23. Ba7 b6 24. Bxb8 fxg5 25. hxg5 Bb7 26. Re1 e4 27. Ne8
Ne6 28. Nf6+ Kf7 29. Nxd7 Kg6 30. Be5 1-0

[Event "67. BEM 2013"]
[Site "Dortmund"]
[Date "2013.03.05"]
[Round "8.9"]
[White "Hoppe, Dirk"]
[Black "Lassek, Harald"]
[Result "1-0"]
[WhiteElo "1843"]
[BlackElo "1290"]
[PlyCount "67"]
[EventDate "2013.??.??"]
[Source "SG Dortmund"]
[SourceDate "2004.12.16"]

1. e4 e5 2. Nc3 Bc5 3. Nf3 d6 4. Bc4 Nf6 5. h3 O-O 6. d3 Be6 7. Bb3 Nc6 8. Bg5
Bb4 9. O-O Bxc3 10. bxc3 Na5 11. Nh2 Nxb3 12. axb3 h6 13. Bh4 g5 14. Bg3 Qd7
15. Qf3 Nh7 16. Qh5 Kg7 17. d4 f5 18. exf5 Rxf5 19. Ng4 Rf6 20. dxe5 Bxg4 21.
Qxg4 Re6 22. exd6 cxd6 23. Rad1 Rd8 24. Qd4+ Kf7 25. f4 Kg8 26. fxg5 Nxg5 27.
Bh4 Qg7 28. Bxg5 Qxd4+ 29. Rxd4 hxg5 30. Rf5 Rg6 31. c4 b6 32. b4 Rc8 33. g4
Kg7 34. Kg2 {(ZUe)} 1-0

[Event "67. BEM 2013"]
[Site "Dortmund"]
[Date "2013.03.05"]
[Round "8.10"]
[White "Schulz-Runge, Michael"]
[Black "Sonntag, Joachim"]
[Result "0-1"]
[WhiteElo "1751"]
[BlackElo "1799"]
[PlyCount "76"]
[EventDate "2013.??.??"]
[Source "SG Dortmund"]
[SourceDate "2004.12.16"]

1. e4 c5 2. Bc4 Nc6 3. Nc3 Nf6 4. d3 e6 5. f4 d5 6. Bb5 Qb6 7. e5 Ng8 8. Nf3
Bd7 9. O-O Nge7 10. a4 a6 11. a5 Nxa5 12. Bxd7+ Kxd7 13. Ng5 Ke8 14. f5 exf5
15. e6 f6 16. Nf7 Rg8 17. Rxa5 Qxe6 18. Re1 Qxf7 19. Rxc5 Kd8 20. Qf3 Rc8 21.
Ra5 Rc7 22. Bf4 Rd7 23. Qf2 d4 24. Na4 Nc6 25. Nc5 Nxa5 26. Nxd7 Qxd7 27. c3
Nc6 28. b4 Bd6 29. b5 axb5 30. Qa2 Re8 31. Qa8+ Nb8 32. Bxd6 Rxe1+ 33. Kf2 Qxd6
34. Kxe1 Kc8 35. Qa5 Qe5+ 36. Kd2 dxc3+ 37. Kc2 Qe2+ 38. Kxc3 Qe1+ 0-1

[Event "67. BEM 2013"]
[Site "Dortmund"]
[Date "2013.03.05"]
[Round "8.11"]
[White "Zachos, Ingo"]
[Black "Rzoczek, Christoph"]
[Result "1/2-1/2"]
[WhiteElo "1884"]
[BlackElo "1513"]
[PlyCount "196"]
[EventDate "2013.??.??"]
[Source "SG Dortmund"]
[SourceDate "2004.12.16"]

1. d4 Nf6 2. c4 c6 3. Nf3 d5 4. Nc3 e6 5. e3 Bd6 6. Bd3 Nbd7 7. O-O O-O 8. Qe2
Re8 9. Rd1 Qc7 10. e4 dxe4 11. Nxe4 Be7 12. Neg5 Bf8 13. Ne5 Bd6 14. c5 Bxc5
15. Bf4 Bd6 16. Nxh7 Bxe5 17. Nxf6+ Nxf6 18. dxe5 Nd5 19. Bg5 Ne7 20. Qh5 Ng6
21. Bxg6 fxg6 22. Qxg6 Qf7 23. Qd3 Rf8 24. Qg3 Qg6 25. f4 b6 26. Rd6 Ba6 27.
Qe3 Bc4 28. Rxc6 Bd5 29. Rc7 Rac8 30. Rc3 Rxc3 31. Qxc3 Rxf4 32. h4 Rxh4 33.
Qg3 Rh5 34. Bf4 Qxg3 35. Bxg3 Rg5 36. Kf2 Rf5+ 37. Ke3 Bxg2 38. Bf4 Bd5 39. b3
Rh5 40. Rc1 Rf5 41. Rc8+ Rf8 42. Rc7 Rf7 43. Rc2 Rd7 44. Kf2 Kf7 45. Ke3 Kg8
46. Rc1 Kf7 47. Rc8 Kg6 48. Rc1 Kf7 49. Bh2 Kg8 50. Kf4 Rf7+ 51. Ke3 Rf3+ 52.
Ke2 Rh3 53. Bg1 g5 54. Rc8+ Kf7 55. Rc7+ Kg6 56. Rxa7 Kf5 57. Bxb6 Kxe5 58.
Bc7+ Kd4 59. Ra4+ Kc5 60. Be5 g4 61. Kf2 Rh5 62. Bf4 Rf5 63. Kg3 Bf3 64. Be3+
Kb5 65. Ra7 Be2 66. a4+ Kc6 67. Bf2 Rf3+ 68. Kg2 Rxb3 69. a5 Bf3+ 70. Kh2 Rb7
71. Ra6+ Kd5 72. Kg3 e5 73. Rh6 Kc4 74. a6 Rb8 75. a7 Re8 76. Rf6 Rh8 77. Bb6
Rh3+ 78. Kf2 Rh2+ 79. Kf1 Rh1+ 80. Bg1 Rh8 81. Rb6 Rd8 82. Rf6 Rd1+ 83. Kf2
Rd2+ 84. Kg3 Ra2 85. Bf2 Ra4 86. Rf8 Ra6 87. Re8 Ra4 88. Rxe5 Ra2 89. Rf5 Ra6
90. Rf7 Ra2 91. Be3 Rg2+ 92. Kh4 Ra2 93. Bf4 Kc5 94. Rc7+ Kb6 95. Re7 Kc6 96.
Kg5 Ra4 97. Bg3 Ra6 98. Bf2 Kb5 1/2-1/2

[Event "67. BEM 2013"]
[Site "Dortmund"]
[Date "2013.03.05"]
[Round "8.13"]
[White "Koch, Detlev"]
[Black "Kesselmeier, Klaus"]
[Result "1/2-1/2"]
[WhiteElo "1312"]
[BlackElo "1365"]
[PlyCount "98"]
[EventDate "2013.??.??"]
[Source "SG Dortmund"]
[SourceDate "2004.12.16"]

1. e4 e5 2. f4 exf4 3. Nc3 Ne7 4. Nf3 d6 5. d3 Nbc6 6. Bxf4 Bg4 7. Be2 Ng6 8.
Bg3 Be7 9. Nd5 Bxf3 10. Bxf3 Bh4 11. Qe2 O-O 12. O-O-O Nd4 13. Qf2 Nxf3 14.
Qxf3 Bxg3 15. hxg3 c6 16. Ne3 Re8 17. Qh5 Nf8 18. Rdf1 g6 19. Qh6 Re5 20. Ng4
Qg5+ 21. Rf4 Qxh6 22. Nxh6+ Kg7 23. Rxf7+ Kh8 24. Rxb7 Rh5 25. Nf7+ Kg8 26. Rf1
d5 27. e5 Ne6 28. b4 Nd4 29. Re1 Rh2 30. c3 Nf5 31. Re2 Nxg3 32. Rf2 Nf5 33.
Kd2 Rf8 34. e6 h5 35. e7 Kxf7 36. exf8=Q+ Kxf8 37. Rxa7 h4 38. Ke2 Kg8 39. Kf3
Ng3 40. a4 Rh1 41. Kg4 Nf5 42. Kg5 h3 43. g4 Rg1 44. Rh2 Rg3 45. Kxg6 Nh4+ 46.
Kh5 Nf3 47. Re2 Kf8 48. Rae7 h2 49. Re8+ Kf7 1/2-1/2

[Event "67. BEM 2013"]
[Site "Dortmund"]
[Date "2013.03.05"]
[Round "8.14"]
[White "Benke, Werner"]
[Black "Grawe, Herbert"]
[Result "1/2-1/2"]
[WhiteElo "1457"]
[BlackElo "1450"]
[PlyCount "143"]
[EventDate "2013.??.??"]
[Source "SG Dortmund"]
[SourceDate "2004.12.16"]

1. e4 Nc6 2. d4 e5 3. Nf3 exd4 4. Nxd4 Ne5 5. Be3 d6 6. f4 Ng4 7. Qf3 Nxe3 8.
Qxe3 a6 9. Nd2 b5 10. Be2 c5 11. N4f3 Nf6 12. h3 h6 13. g4 Qe7 14. O-O-O Nd5
15. Qa3 Nxf4 16. Bxb5+ Bd7 17. Bxd7+ Qxd7 18. Nc4 Qc6 19. Nh4 g6 20. Qf3 Ne6
21. Rhf1 Ra7 22. c3 Rh7 23. Rd5 Rd7 24. Rfd1 Be7 25. Ng2 Ng5 26. Qd3 Qa4 27.
Nb6 Qxa2 28. Nxd7 c4 29. Qb1 Qxb1+ 30. Kxb1 Kxd7 31. e5 Ne4 32. exd6 Nxd6 33.
Ne3 Kc6 34. Ra5 Kb6 35. Ra4 Kb5 36. Rb4+ Kc5 37. Nd5 Bg5 38. Rb8 f5 39. gxf5
gxf5 40. Rf8 Rb7 41. Kc2 a5 42. Nf6 Re7 43. Kb1 f4 44. Rf1 Nf5 45. Rc8+ Kb5 46.
Nd5 Re4 47. Kc2 Ne3+ 48. Nxe3 fxe3 49. Re1 e2 50. Rb8+ Kc6 51. Rg8 Bh4 52. Kd2
Bxe1+ 53. Kxe1 Kb5 54. Rg4 Re3 55. Rh4 Re6 56. Rd4 Re8 57. h4 Re6 58. Rf4 Re8
59. Rf6 Ka4 60. Rb6 h5 61. Rh6 Kb3 62. Rb6+ Kc2 63. Rb5 Re4 64. Rxh5 Kxb2 65.
Rxa5 Kxc3 66. h5 Kd3 67. Rd5+ Ke3 68. Rc5 Rh4 69. Re5+ Kd3 70. Rd5+ Ke4 71. Rg5
Kf4 72. Rc5 1/2-1/2

[Event "67. BEM 2013"]
[Site "Dortmund"]
[Date "2013.03.05"]
[Round "8.16"]
[White "Simon, Stefan"]
[Black "Skoecz, Horst"]
[Result "1-0"]
[WhiteElo "1440"]
[BlackElo "1183"]
[PlyCount "123"]
[EventDate "2013.??.??"]
[Source "SG Dortmund"]
[SourceDate "2004.12.16"]

1. e4 e5 2. Nf3 Nf6 3. Nc3 d6 4. Bc4 Bg4 5. h3 Bxf3 6. Qxf3 Be7 7. O-O O-O 8.
d3 Nc6 9. Nd5 Nd4 10. Qd1 Nxd5 11. Bxd5 c6 12. Bc4 b5 13. c3 bxc4 14. cxd4 exd4
15. dxc4 c5 16. b3 Bf6 17. Bb2 Qe7 18. Qf3 Be5 19. Rad1 a5 20. Qd3 Qh4 21. Bc1
a4 22. Rde1 axb3 23. axb3 Ra2 24. f4 Bf6 25. e5 dxe5 26. fxe5 Bg5 27. Re4 Qh6
28. Qb1 Rfa8 29. e6 fxe6 30. Bb2 Be3+ 31. Kh1 R2a7 32. Rg4 Rb7 33. Qe4 Rbb8 34.
Qe5 Rf8 35. Rxf8+ Rxf8 36. Qxc5 Qf6 37. Bxd4 Qf1+ 38. Kh2 Bf4+ 39. g3 Qe2+ 40.
Bf2 Bh6 41. Kg2 Qc2 42. b4 Qe2 43. b5 Qf3+ 44. Kg1 Rd8 45. Rd4 Rf8 46. Rd7 Ra8
47. Qd4 Qf6 {(=)} 48. c5 Ra1+ 49. Kg2 Ra2 50. Qxf6 gxf6 51. c6 Be3 52. Kf3 Bxf2
53. c7 Bc5 54. c8=Q+ Bf8 55. Rg7+ Kxg7 56. Qxe6 Ra3+ 57. Kg4 Ra4+ 58. Kf5 Ra5
59. Qxf6+ Kg8 60. Qe6+ Kg7 61. Qd7+ Kh6 62. Qd2+ 1-0

[Event "67. BEM 2013"]
[Site "Dortmund"]
[Date "2013.03.05"]
[Round "8.17"]
[White "Reker, Gerhard"]
[Black "Schmidt, Andreas N"]
[Result "1-0"]
[WhiteElo "864"]
[BlackElo "915"]
[PlyCount "113"]
[EventDate "2013.??.??"]
[Source "SG Dortmund"]
[SourceDate "2004.12.16"]

1. e4 e5 2. Nf3 Nc6 3. Nc3 Nf6 4. Bb5 Bc5 5. Bxc6 dxc6 6. O-O Ng4 7. d3 h6 8.
h3 Nf6 9. Nxe5 Qd6 10. Bf4 Qe7 11. Bh2 g6 12. Nc4 Nh5 13. g4 Qg5 14. Bxc7 O-O
15. Bh2 Re8 16. e5 f5 17. Kh1 fxg4 18. Ne4 Qh4 19. Nxc5 gxh3 20. Qe1 Bg4 21. f3
Qxe1 22. Raxe1 Rf8 23. fxg4 Rxf1+ 24. Rxf1 Ng7 25. Nxb7 Ne6 26. Rf6 Nf8 27.
Rxc6 Nd7 28. Rxg6+ Kh7 29. Rd6 Nf8 30. Bf4 Ng6 31. Be3 Rf8 32. Rd7+ Kg8 33. Nd2
Nxe5 34. Rd4 Rf7 35. Nd6 Rg7 36. Bxh6 Rg6 37. Nf5 Kh7 38. Re4 Rxg4 39. Rxe5 Rg2
40. Re7+ Kg6 41. Nh4+ Kxh6 42. Nxg2 hxg2+ 43. Kxg2 Kg5 44. Rxa7 Kf4 45. Re7 Kg5
46. d4 Kf6 47. Re1 Kf5 48. d5 Kf4 49. d6 Kf5 50. d7 Kf4 51. d8=Q Kg4 52. Qd3
Kg5 53. Re4 Kf5 54. Qd5+ Kf6 55. Re6+ Kf7 56. Qd7+ Kf8 57. Re8# 1-0

[Event "67. BEM 2013"]
[Site "Dortmund"]
[Date "2013.03.07"]
[Round "9.1"]
[White "Grube, Jörg"]
[Black "Schmittdiel, Eckhard"]
[Result "0-1"]
[WhiteElo "1789"]
[BlackElo "2361"]
[PlyCount "56"]
[EventDate "2013.??.??"]
[Source "SG Dortmund"]
[SourceDate "2004.12.16"]

1. e4 e6 2. d4 d5 3. Nc3 Nf6 4. e5 Nfd7 5. Nce2 c5 6. c3 Qb6 7. f4 Nc6 8. Nf3
f6 9. h4 cxd4 10. cxd4 Bb4+ 11. Bd2 O-O 12. Rh3 fxe5 13. fxe5 Ndxe5 $5 14. dxe5
Nxe5 15. Nfd4 Nc4 16. Bxb4 Qxb4+ 17. Nc3 Nxb2 18. a3 Qb6 19. Qd2 e5 20. Nxd5
Qxd4 21. Qxd4 exd4 22. Rb3 Bg4 23. Ne7+ (23. Rxb2 Rae8+ 24. Be2 d3 $19) 23...
Kf7 24. Rxb2 Rae8 25. Bc4+ Kxe7 26. Rxb7+ Kd6+ 27. Kd2 Rf2+ 28. Kd3 Be2+ ({
Noch staerker war} 28... Bf5+ 29. Kxd4 Re4+ 30. Kc3 Re3+ 31. Kb4 Rb2+) 0-1

[Event "67. BEM 2013"]
[Site "Dortmund"]
[Date "2013.03.07"]
[Round "9.2"]
[White "Kohlweyer, Bernd"]
[Black "Kropp, Andreas"]
[Result "1-0"]
[WhiteElo "2434"]
[BlackElo "1908"]
[PlyCount "29"]
[EventDate "2013.??.??"]
[Source "SG Dortmund"]
[SourceDate "2004.12.16"]

1. d4 Nf6 2. c4 e6 3. Nc3 Bb4 4. e3 b6 5. Bd3 c5 6. Nge2 Bb7 7. O-O cxd4 8.
exd4 O-O 9. d5 Re8 10. Bg5 h6 11. Bh4 g5 12. Bg3 exd5 13. cxd5 Na6 14. Nd4 Nxd5
15. Nxd5 1-0

[Event "67. BEM 2013"]
[Site "Dortmund"]
[Date "2013.03.07"]
[Round "9.4"]
[White "Schiefelbusch, Dirk"]
[Black "Tekin, Baran"]
[Result "0-1"]
[WhiteElo "2061"]
[BlackElo "1709"]
[PlyCount "78"]
[EventDate "2013.??.??"]
[Source "SG Dortmund"]
[SourceDate "2004.12.16"]

1. c4 g6 2. Nf3 b6 3. g3 Bb7 4. Bg2 Bg7 5. d4 e6 6. O-O Ne7 7. Nc3 d5 8. Bg5 h6
9. Bf4 Nd7 10. cxd5 Nxd5 11. Nxd5 exd5 12. Rc1 c5 13. Bd6 c4 14. Ne5 b5 15. b3
Qb6 16. Bb4 Nxe5 17. dxe5 Bxe5 18. Bxd5 Rd8 19. bxc4 a5 20. Bc3 Bxc3 21. Rxc3
O-O 22. e4 bxc4 23. Rxc4 Ba6 24. Rc6 Qa7 25. Re1 (25. Rxg6+ $1 Kh7 26. Rf6 Bxf1
27. Qh5 $18) 25... Rd7 26. Rxg6+ $18 Kh7 27. Rf6 Kg7 28. Qf3 Qd4 29. Qg4+ Kxf6
30. Qxd7 (30. e5+ $1) 30... Bc8 31. Qd6+ Kg7 32. Qf4 Qb4 33. Rc1 Bh3 34. Qe5+
Kh7 35. Qc3 Rc8 36. Qa1 Rd8 37. Qc3 Rc8 38. Qe1 Qa3 39. e5 $4 $138 Rxc1 0-1

[Event "67. BEM 2013"]
[Site "Dortmund"]
[Date "2013.03.07"]
[Round "9.6"]
[White "Schütz, Ralf"]
[Black "Duschek, Günter"]
[Result "1-0"]
[WhiteElo "1848"]
[BlackElo "1488"]
[PlyCount "95"]
[EventDate "2013.??.??"]
[Source "SG Dortmund"]
[SourceDate "2004.12.16"]

1. e4 d5 2. exd5 Qxd5 3. Nc3 Qd8 4. d4 c6 5. Ne4 Bf5 6. Ng3 Bg6 7. N1e2 e6 8.
Nf4 Bd6 9. h4 Bxf4 10. Bxf4 h6 11. Qd2 Nf6 12. c4 Ne4 13. Nxe4 Bxe4 14. f3 Bg6
15. h5 Bh7 16. Rd1 Qe7 17. Kf2 Nd7 18. c5 Nf6 19. Bd6 Qd7 20. b4 Be4 21. a4 a6
22. Qf4 Bd5 23. Rb1 Kd8 24. Qh4 Kc8 25. Be2 Qd8 26. Qf4 Qd7 27. Qc1 Ne8 28. Bf4
Nf6 29. Be5 Ne8 30. b5 axb5 31. axb5 f6 32. Ra1 Rxa1 33. Qxa1 Kd8 34. Qa5+ Ke7
35. Bf4 Rf8 36. bxc6 Bxc6 37. Qc3 Kf7 38. Bc4 Kg8 39. Qe3 Bd5 40. Bxd5 Qxd5 41.
Re1 Kf7 42. g4 Qc6 43. Rb1 Nc7 44. Rb6 Nd5 45. Rxc6 Nxe3 46. Rc7+ Kg8 47. Kxe3
e5 48. dxe5 1-0

[Event "67. BEM 2013"]
[Site "Dortmund"]
[Date "2013.03.07"]
[Round "9.7"]
[White "Ziemek, Gerhard"]
[Black "Hoppe, Dirk"]
[Result "0-1"]
[WhiteElo "1692"]
[BlackElo "1843"]
[PlyCount "80"]
[EventDate "2013.??.??"]
[Source "SG Dortmund"]
[SourceDate "2004.12.16"]

1. d4 Nf6 2. Nc3 d5 3. Bg5 e6 4. e4 Be7 5. e5 Nfd7 6. Bxe7 Qxe7 7. f4 a6 8. Bd3
c5 9. Nf3 Nc6 10. Be2 cxd4 11. Nxd4 Qb4 12. Nxc6 bxc6 13. O-O Qxb2 14. Qd3 Qb6+
15. Kh1 O-O 16. Qh3 Re8 17. Bd3 Nf8 18. Ne2 c5 19. Rab1 Qc7 20. Ng3 c4 21. Be2
Qe7 22. Nh5 Ng6 23. Qg4 Ra7 24. Qg3 Bb7 25. Qe3 Ba8 26. Qf2 Rb7 27. Rxb7 Qxb7
28. c3 Qb2 29. f5 exf5 30. Qxf5 Rf8 31. Qg4 Qb6 32. h3 Qe6 33. Rf5 Bc6 34. Nf6+
gxf6 35. Qh5 fxe5 36. Bg4 Qe7 37. Qh6 Bd7 38. Rh5 f5 39. Be2 Qg7 40. Qd2 Nf4
0-1

[Event "67. BEM 2013"]
[Site "Dortmund"]
[Date "2013.03.07"]
[Round "9.8"]
[White "Sonntag, Joachim"]
[Black "Büdel, Jürgen"]
[Result "1/2-1/2"]
[WhiteElo "1799"]
[BlackElo "1637"]
[PlyCount "32"]
[EventDate "2013.??.??"]
[Source "SG Dortmund"]
[SourceDate "2004.12.16"]

1. e4 c5 2. Nf3 d6 3. d4 Nf6 4. Nc3 cxd4 5. Nxd4 g6 6. Be2 Bg7 7. O-O O-O 8.
Be3 Nc6 9. f4 Bd7 10. Bf3 Rc8 11. Nxc6 bxc6 12. Qd3 Ng4 13. Bxg4 Bxg4 14. h3
Bd7 15. Bd4 Bxd4+ 16. Qxd4 Qb6 1/2-1/2

[Event "67. BEM 2013"]
[Site "Dortmund"]
[Date "2013.03.07"]
[Round "9.9"]
[White "Lassek, Harald"]
[Black "Schmock, Sven"]
[Result "1/2-1/2"]
[WhiteElo "1290"]
[BlackElo "1779"]
[PlyCount "83"]
[EventDate "2013.??.??"]
[Source "SG Dortmund"]
[SourceDate "2004.12.16"]

1. e4 e5 2. Nf3 Nc6 3. Bc4 Nf6 4. Nc3 Bc5 5. O-O d6 6. d3 Bg4 7. h3 Bh5 8. Be3
Bb6 9. Nd5 Qd7 10. Bb5 Bxe3 11. Nxf6+ gxf6 12. fxe3 Rg8 13. Kh2 Bg6 14. Nh4
O-O-O 15. Bxc6 Qxc6 16. Rxf6 Qb6 17. Rb1 Qxe3 18. Qg4+ Kb8 19. Rbf1 h5 20. Qf3
{(=)} 20... Qd4 21. Nxg6 fxg6 22. c3 Qb6 23. Rf8 Rgxf8 24. Qxf8 Kc8 25. Qf2 Qa6
26. a3 Qxd3 27. Re1 a6 28. Qa7 Qd2 29. Rf1 {(=)} 29... Kd7 30. Qxb7 Rc8 31.
Rf7+ Ke6 32. Qxc8+ Kxf7 33. Qxc7+ Kf6 34. Qd8+ Kg7 35. Qe7+ Kh6 36. h4 Qf4+ 37.
Kh1 Qxe4 38. Qg5+ Kg7 39. Qe7+ Kg8 40. Qe6+ Kg7 41. Qe7+ Kg8 42. Qe8+ 1/2-1/2

[Event "67. BEM 2013"]
[Site "Dortmund"]
[Date "2013.03.07"]
[Round "9.10"]
[White "Rzoczek, Christoph"]
[Black "Vogt, Christian"]
[Result "1/2-1/2"]
[WhiteElo "1513"]
[BlackElo "1494"]
[PlyCount "128"]
[EventDate "2013.??.??"]
[Source "SG Dortmund"]
[SourceDate "2004.12.16"]

1. d4 Nf6 2. c4 g6 3. Nc3 d5 4. e3 Bg7 5. Nf3 O-O 6. Qb3 dxc4 7. Bxc4 Nc6 8.
Be2 Na5 9. Qc2 c5 10. O-O cxd4 11. exd4 Be6 12. Be3 Rc8 13. Qd1 Nc4 14. Bxc4
Bxc4 15. Re1 Nd5 16. Nd2 Nxe3 17. fxe3 Ba6 18. Rc1 Qd7 19. Nf3 b6 20. Qa4 Qxa4
21. Nxa4 Rxc1 22. Rxc1 Rc8 23. Rxc8+ Bxc8 24. Nc3 Ba6 25. b4 Bc4 26. Nd2 Bd3
27. Nf3 f6 28. Kf2 Kf7 29. e4 Bh6 30. h4 Bc1 31. e5 Bb2 32. Ne2 Bc4 33. a4 a6
34. Ke3 Ba3 35. b5 axb5 36. axb5 Bxb5 37. Nc3 Bf1 38. g4 Bb2 39. Na4 Bc1+ 40.
Kf2 b5 41. Nb6 Bh3 42. g5 b4 43. exf6 exf6 44. gxf6 b3 45. Nd5 b2 46. Nc3 Bf5
47. d5 Kxf6 48. d6 Kf7 49. Ne5+ Ke8 50. h5 b1=Q 51. Nxb1 Bxb1 52. Kg3 Ba3 53.
Nc4 Bc5 54. Kf4 Ba2 55. d7+ Kd8 56. Nd2 Kxd7 57. hxg6 hxg6 58. Ne4 Be7 59. Nc3
Bb3 60. Ne4 Bc2 61. Nc3 Ke6 62. Ne2 Bd6+ 63. Kg5 Be5 64. Ng1 Be4 {und Schwarz
gab in nicht allzu hochgradiger Zeitnot remis, obwohl die Entscheidung binnen
rund 30 Sekunden haette herbeigefuehrt werden koennen.} 1/2-1/2

[Event "67. BEM 2013"]
[Site "Dortmund"]
[Date "2013.03.07"]
[Round "9.11"]
[White "Raskin, Vitali"]
[Black "Schulz-Runge, Michael"]
[Result "0-1"]
[WhiteElo "1671"]
[BlackElo "1751"]
[PlyCount "118"]
[EventDate "2013.??.??"]
[Source "SG Dortmund"]
[SourceDate "2004.12.16"]

1. d4 d5 2. c4 Bf5 3. Nc3 c6 4. e3 Nf6 5. Nf3 Nbd7 6. Bd3 Bg6 7. Bxg6 hxg6 8.
cxd5 cxd5 9. Ne5 e6 10. Qa4 a6 11. Bd2 Bd6 12. f4 Bxe5 13. fxe5 Ng4 14. O-O-O
b5 15. Qb4 Nf2 16. Kb1 Nxd1 17. Nxd1 Nb6 18. b3 Rb8 19. Ka1 Rc8 20. Nc3 Nd7 21.
e4 a5 22. Qxb5 Rb8 23. Qd3 dxe4 24. Nxe4 Nxe5 25. Qc3 Nd7 26. Nd6+ Kf8 27. h3
Rh5 28. g4 Rd5 29. Nc4 Nf6 30. Bf4 Rc8 31. Be3 Kg8 32. Qd2 a4 33. Rc1 axb3 34.
axb3 Ne4 35. Qc2 Nd6 36. Qe2 Nxc4 37. Rxc4 Rxc4 38. Qxc4 Qa5+ 39. Kb2 Qe1 40.
Qc8+ Kh7 41. Qc3 Qf1 42. Bd2 Qf2 43. Qe3 {(=)} 43... Qxe3 44. Bxe3 g5 45. Kc3
Kg6 46. Kc4 f5 47. b4 f4 48. Bf2 Kf7 49. b5 Ke7 50. Kb4 Kd7 51. Ka5 Kc7 52. Ka6
Rd6+ 53. Ka5 Kb7 54. Bg1 Rd5 55. Bf2 e5 56. dxe5 Rxe5 57. Kb4 Re2 58. Bd4 f3
59. Bxg7 f2 0-1

[Event "67. BEM 2013"]
[Site "Dortmund"]
[Date "2013.03.07"]
[Round "9.12"]
[White "Kesselmeier, Klaus"]
[Black "Zachos, Ingo"]
[Result "1-0"]
[WhiteElo "1365"]
[BlackElo "1884"]
[PlyCount "105"]
[EventDate "2013.??.??"]
[Source "SG Dortmund"]
[SourceDate "2004.12.16"]

1. e4 c6 2. d4 Na6 3. Nf3 Nf6 4. Nc3 Nc7 5. Bd3 d6 6. h3 g6 7. e5 Nfd5 8. Nxd5
Nxd5 9. c4 Nb4 10. Be2 Bf5 11. O-O dxe5 12. Nxe5 Nc2 13. g4 Be4 14. f3 Qxd4+
15. Qxd4 Nxd4 16. fxe4 Nxe2+ 17. Kg2 f6 18. Nf3 Nxc1 19. Raxc1 O-O-O 20. e5 Bh6
21. Rcd1 Rhf8 22. e6 Be3 23. h4 Bc5 24. g5 fxg5 25. Nxg5 Rxd1 26. Rxd1 Rf2+ 27.
Kh3 Rxb2 28. Nf7 Re2 29. Rd8+ Kc7 30. Rd7+ Kb6 31. Nd8 h5 32. Rxb7+ Ka6 33. Rc7
Bd6 34. Rxc6+ Ka5 35. Nb7+ Kb4 36. Nxd6 exd6 37. Rxd6 Rxa2 38. e7 Re2 39. Rxg6
Rxe7 40. Rg5 Rh7 41. c5 Kb5 42. Kg3 a5 43. Rf5 a4 44. Kf4 a3 45. Kg5 Rh8 46.
c6+ Kb4 47. c7 a2 48. Rf1 Kb3 49. Rf3+ Kb4 50. Rf4+ Kc3 51. Rf3+ Kd4 52. Ra3
Ra8 $4 53. Rxa8 1-0

[Event "67. BEM 2013"]
[Site "Dortmund"]
[Date "2013.03.07"]
[Round "9.13"]
[White "Koch, Detlev"]
[Black "Benke, Werner"]
[Result "0-1"]
[WhiteElo "1312"]
[BlackElo "1457"]
[PlyCount "88"]
[EventDate "2013.??.??"]
[Source "SG Dortmund"]
[SourceDate "2004.12.16"]

1. e4 e6 2. d4 d5 3. Qe2 dxe4 4. Qxe4 Nf6 5. Qd3 Nbd7 6. Bg5 Be7 7. Nf3 O-O 8.
g3 b6 9. Bg2 Bb7 10. Nbd2 h6 11. Be3 Qc8 12. O-O Rd8 13. Rfe1 c5 14. c4 cxd4
15. Qxd4 Nc5 16. Qc3 Nce4 17. Nxe4 Nxe4 18. Qc2 Nf6 19. Rad1 Rxd1 20. Rxd1 Be4
21. Qb3 Qb7 22. Ne1 Bc6 23. Bxc6 Qxc6 24. Nd3 Ng4 25. Bf4 Rd8 26. Ne5 Rxd1+ 27.
Qxd1 Nxe5 28. Bxe5 Qxc4 29. b3 Qe4 30. Bf4 Bc5 31. Qd2 Bb4 32. Qc1 Qe2 33. a3
Bc5 34. Be3 Bxe3 35. Qxe3 Qxe3 36. fxe3 Kh7 37. Kf2 Kg6 38. Kf3 Kf5 39. e4+ Ke5
40. Ke3 h5 41. h3 g5 42. g4 hxg4 43. hxg4 a6 44. a4 a5 0-1

[Event "67. BEM 2013"]
[Site "Dortmund"]
[Date "2013.03.07"]
[Round "9.14"]
[White "Grawe, Herbert"]
[Black "Wangrin, Stefan A"]
[Result "1-0"]
[WhiteElo "1450"]
[BlackElo "1213"]
[PlyCount "87"]
[EventDate "2013.??.??"]
[Source "SG Dortmund"]
[SourceDate "2004.12.16"]

1. d4 d5 2. e4 dxe4 3. Nc3 Nf6 4. f3 exf3 5. Nxf3 Bg4 6. Bd3 e6 7. O-O Nc6 8.
Qe1 Bxf3 9. Rxf3 Nxd4 10. Rf1 Bc5 11. Kh1 Be7 12. Qf2 Bc5 13. Be3 Qd7 14. h3
O-O-O 15. a4 a5 {(=)} 16. Nb5 c6 17. Nc3 Bb4 18. Rad1 c5 19. Bb5 Qd6 20. Rfe1
Rhf8 21. Bf4 Qb6 22. Bd3 Bxc3 23. bxc3 Nc6 24. Rb1 Qa7 25. Rb5 b6 26. Reb1 Nd5
27. Bh2 Nxc3 28. Rxb6 Nxb1 29. Rxc6+ Kd7 30. Rxc5 Ke7 31. Rc7+ Qxc7 32. Bxc7
Rd5 33. Qe1 Na3 34. Bxa5 Rc8 35. Bb4+ Kf6 36. Bxa3 g6 37. a5 e5 38. a6 Ra5 39.
Qh4+ (39. Qxa5) 39... Kg7 40. Bc1 h5 41. Bb2 Rxc2 42. Bxc2 Rxa6 43. Bxe5+ Kh7
44. Qe7 1-0

[Event "67. BEM 2013"]
[Site "Dortmund"]
[Date "2013.03.07"]
[Round "9.15"]
[White "Reker, Gerhard"]
[Black "Simon, Stefan"]
[Result "0-1"]
[WhiteElo "864"]
[BlackElo "1440"]
[PlyCount "24"]
[EventDate "2013.??.??"]
[Source "SG Dortmund"]
[SourceDate "2004.12.16"]

1. e4 c5 2. Nc3 Nc6 3. d3 e5 4. Nd5 h6 5. Nf3 Nge7 6. Be3 Nxd5 7. exd5 Nd4 8.
Bxd4 cxd4 9. Nxe5 Bb4+ 10. Ke2 Qe7 11. f4 d6 12. a3 Bg4+ 0-1

[Event "67. BEM 2013"]
[Site "Dortmund"]
[Date "2013.03.07"]
[Round "9.17"]
[White "Böckmann, Lieselotte"]
[Black "Schmidt, Andreas N"]
[Result "1-0"]
[WhiteElo "938"]
[BlackElo "915"]
[PlyCount "101"]
[EventDate "2013.??.??"]
[Source "SG Dortmund"]
[SourceDate "2004.12.16"]

1. c4 e5 2. Nc3 Nf6 3. g3 Bc5 4. e4 d6 5. Bg2 Ng4 6. Nh3 Qf6 7. Qf3 Qxf3 8.
Bxf3 Nf6 9. g4 h6 10. d3 Nc6 11. Be3 Bxe3 12. fxe3 Nb4 13. O-O-O Nxg4 14. Bxg4
Bxg4 15. Rdg1 Nxd3+ 16. Kd2 Bxh3 17. Kxd3 g5 18. Nd5 O-O-O 19. Rc1 f5 20. exf5
e4+ 21. Kd4 c5+ 22. Kc3 Rh7 23. Rhd1 Bxf5 24. Rf1 Be6 25. Rf6 Bxd5 26. cxd5 g4
27. b4 Kc7 28. Kb3 b6 29. b5 Rdd7 30. a4 h5 31. Re6 Rde7 32. Rf1 Rxe6 33. dxe6
Re7 34. Rf6 Kd8 35. Kc4 Ke8 36. Rg6 Rc7 37. Kd5 c4 38. Kxd6 Rf7 39. exf7+ Kxf7
40. Re6 c3 41. Rxe4 Kf6 42. Rc4 Kf5 43. Rxc3 h4 44. Rc4 Kg5 45. Rc8 g3 46. h3
Kf5 47. Rg8 Ke4 48. Kc7 Kf3 49. e4 Kf2 50. e5 g2 51. e6 1-0

[Event "66. BEM 2012"]
[Site "Dortmund"]
[Date "2012.02.27"]
[Round "1.1"]
[White "Vojdani, Bahram"]
[Black "Schmittdiel, Eckhard"]
[Result "0-1"]
[WhiteElo "1664"]
[BlackElo "2408"]
[Annotator "P. Schulenburg"]
[PlyCount "104"]
[EventDate "2012.??.??"]
[Source "SG Dortmund"]
[SourceDate "2004.12.16"]

1. b4 d5 2. Bb2 Bf5 3. Nf3 e6 4. e3 Nf6 5. b5 c5 6. c4 Nbd7 7. Be2 Bd6 8. O-O
dxc4 9. Bxc4 Qc7 10. d3 Bg4 11. Nbd2 Bxh2+ 12. Kh1 Bd6 13. Qc2 O-O 14. Rac1 Ne5
15. Nxe5 Bxe5 16. d4 cxd4 17. f4 Bd6 18. Bxd4 Qe7 19. Ne4 Nxe4 20. Qxe4 Rfc8
21. Bb3 Be2 22. f5 Bxf1 23. Rxf1 exf5 24. Qxf5 Qh4+ 25. Qh3 Qxh3+ 26. gxh3 Rc7
27. Bxa7 Be5 28. e4 g6 29. Bb6 Rd7 30. Rf2 Rc8 31. Ba5 b6 32. Bb4 Kg7 33. Bd5
Rc1+ 34. Kg2 Rdc7 35. Bc6 Rb1 36. a3 Rb2 37. Kf3 Rb3+ 38. Kg2 Rg3+ 39. Kf1 Rxh3
40. Ke2 Rb3 41. Kf1 Rb1+ 42. Kg2 Ra7 43. Rf3 Rb2+ 44. Kf1 h5 45. Be1 Ra2 46.
Bf2 R7xa3 47. Rxa3 Rxa3 48. Bxb6 h4 49. Bc5 Rb3 50. b6 Rc3 51. Bb4 Rxc6 52. b7
Rb6 0-1